|
|
|
|
| LEADER |
01790cas a2200241 a 4500 |
| 001 |
AALejournalIMF022795 |
| 008 |
230101c9999 xx r poo 0 0eng d |
| 020 |
|
|
|c 20.00 USD
|
| 020 |
|
|
|z 9781455212798
|
| 022 |
|
|
|a 1934-7685
|
| 040 |
|
|
|a BD-DhAAL
|c BD-DhAAL
|
| 110 |
2 |
|
|a International Monetary Fund.
|
| 245 |
1 |
0 |
|a Republic of Latvia :
|b 2010 Article IV Consultation Staff Report; Public Information Notice on the Executive Board Discussion; and Statement by the Executive Director for the Republic of Latvia.
|
| 264 |
|
1 |
|a Washington, D.C. :
|b International Monetary Fund,
|c 2010.
|
| 300 |
|
|
|a 1 online resource (71 pages)
|
| 490 |
1 |
|
|a IMF Staff Country Reports
|
| 500 |
|
|
|a <strong>Off-Campus Access:</strong> No User ID or Password Required
|
| 500 |
|
|
|a <strong>On-Campus Access:</strong> No User ID or Password Required
|
| 506 |
|
|
|a Electronic access restricted to authorized BRAC University faculty, staff and students
|
| 520 |
3 |
|
|a Policy efforts in Latvia have supported stabilization. Immediate risks are much lower, but medium-term challenges remain. The government should focus on durable spending cuts, but revenue measures may also be required. Efforts to strengthen regulation and supervision to improve financial stability, including reducing reliance on wholesale external funding, is commended. With monetary and fiscal policy constrained by the fixed exchange rate and the need to reduce the deficit, growth depends on structural reform. While economic and financial conditions are much improved, risks remain significant.
|
| 538 |
|
|
|a Mode of access: Internet
|
| 830 |
|
0 |
|a IMF Staff Country Reports; Country Report ;
|v No. 2010/356
|
| 856 |
4 |
0 |
|z Full text available on IMF
|u https://elibrary.imf.org/openurl?genre=journal&issn=1934-7685&volume=2010&issue=356
|z IMF e-Library
|